| 000 | 00439nam a2200157 i 4500 | ||
|---|---|---|---|
| 001 | 73528 | ||
| 003 | ES-MaACL | ||
| 005 | 20230906171837.0 | ||
| 007 | t| | ||
| 008 | 040908s1928 sp ||||1| spa d | ||
| 100 | 1 |
_aGómez Izquierdo, Antonio. _957993 |
|
| 245 | 1 | 0 |
_aProblemas inaplazables / _cAntonio Gómez Izquierdo. |
| 260 |
_aMadrid : _b[s.n., _c1928] ( _fIsaac García) |
||
| 300 |
_a92 p. ; _c17 cm. |
||
| 852 |
_aES-MaACL _j1730-F-16 |
||
| 999 |
_c73528 _d73528 |
||